000 00746nam a2200289Ia 4500
005 20260324124432.0
008 008 260324s9999 xx 000 0 eng d
020 _a9781315700748
037 _aEBOOK
040 _aCRL
040 _beng
040 _cCRL
041 _2eng
041 _aeng
084 _qCRL
100 _aH George Frederickson
_91174145
245 0 _aSocial Equity and Public Administration: Origins, Developments, and Applications
245 0 _bOrigins, Developments, and Applications
260 _bTaylor and Francis
260 _c2010
365 _a
365 _b265
856 _uhttp://www.taylorfrancis.com/books/9781315700748
942 _cEBOOK
999 _c1768518
_d1768518